banner-ar

التجمعات الاقليمية فى عالم اليوم ابحاث المؤتمر العلمى الاول حول ظاهرة التجمعات الاقليمية / (Record no. 32266)

MARC details
000 -الفاتح
حقل البيانات ثابتة الطول 00938nam a2200253Ia 4500
008 - عناصر البيانات ثابتة الطول - معلومات عامة
حقل البيانات ثابتة الطول 140319s9999 xx 000 0 ara d
040 ## - مصدر الفهرسة
وكالة الفهرسة الأصلية GCL /
وكالة النسخ GCL
082 04 - رقم تصنيف ديوى العشرى
رقم التصنيف 338.7
رقم المادة ج ت
100 1# - المدخل الرئيسى - إسم شخصى
الإسم الشخصى جامعة اسيوط
245 10 - بيان العنوان
العنوان التجمعات الاقليمية فى عالم اليوم ابحاث المؤتمر العلمى الاول حول ظاهرة التجمعات الاقليمية /
بيان المسئوليه,etc جامعة اسيوط
700 1# - المدخل الاضافى - اسم شخصى
الإسم الشخصى عبدالهادى سويفى
700 1# - المدخل الاضافى - اسم شخصى
الإسم الشخصى عبدالنبى الطوخى
700 1# - المدخل الاضافى - اسم شخصى
الإسم الشخصى عبدالله هدية
700 1# - المدخل الاضافى - اسم شخصى
الإسم الشخصى محمد ابراهيم منصور
260 ## - PUBLICATION, DISTRIBUTION, ETC. (IMPRINT)
تاريخ النشر أو التوزيع 1990
300 ## - الوصف المادى
التعداد 702 ص
490 ## - بيان السلسلة
عنوان السلسلة
650 04 - المدخل الاضافى بالموضوع-مصطلح موضوعى
مصطلح موضوعي الاقتصاد
650 04 - المدخل الاضافى بالموضوع-مصطلح موضوعى
مصطلح موضوعي التجارة الخارجية
650 04 - المدخل الاضافى بالموضوع-مصطلح موضوعى
مصطلح موضوعي التبادل التجارى
650 04 - المدخل الاضافى بالموضوع-مصطلح موضوعى
مصطلح موضوعي المنظمات الدولية الاقليمية
942 ## - عناصر المدخل الإضافي( كوها)
مصدر التصنيف او مخطط الترفيف Dewey Decimal Classification
Koha [default] item type كتاب
260 ## - PUBLICATION, DISTRIBUTION, ETC. (IMPRINT)
-- [S.N] :
-- دار النهضة العربية ،
Holdings
حالة التراجع حالة الفقد حالة تلف ليس للاعارة المكان المؤقت الموقع الحالى تاريخ الاكتساب اجمالي اﻻعارات رقم الطلب الباركود تاريخ اخر مشاهدة تاريخ تفعيل السعر نوع وعاء كوها
        مكتبة القاهرة الكبرى مكتبة القاهرة الكبرى 03/26/2014   338.7\ج ت 75990 03/26/2014 03/26/2014 كتاب
        مكتبة القاهرة الكبرى مكتبة القاهرة الكبرى 03/26/2014   338.7\ج ت 75991 03/26/2014 03/26/2014 كتاب

Powered By

EGPV